Statistiques concernant youtubers francophones

Cliquez ici pour prendre le quiz!

Statistiques générales

  • Ce quiz a été pris 169 fois
  • Le résultat moyen est 8 sur 11

Statistiques - réponses

HintRéponse% Correct
1er youtuber (abonnées)cyprien
99%
2ème youtuber (abonnées)norman
93%
3ème youtuber (abonnées)squeezie
92%
Mi....Vmister v
90%
youtubeuse qui aime les licornesnatoo
78%
DAWNNNN LES GENStibo inshape
77%
Clap ! Bonjour !amixem
71%
La chaine de squeezie et cypriencypriengaming
64%
Vodk....vodkprod
55%
frères podcasteurle rire jaune
48%
La team pokémon !pokémon trash
10%

Distribution des résultats

Percentile par nombre de réponses

% des personnes avec chaque résultat

Votre développement - résultats

Vous n’avez pas pris ce quiz